Top XIs: Yugoslavia / Serbia (1960-2023) - Statistics

General Stats
  • This quiz has been taken 240 times
    205 since last reset
  • The average score is 123 of 500
Answer Stats
Hint Position Answer % Correct
2015 ST Aleksandar Mitrović
81%
2016 ST Aleksandar Mitrović
81%
2017 ST Aleksandar Mitrović
81%
2018 ST Aleksandar Mitrović
81%
2018 LN ST Aleksandar Mitrović
81%
2019 ST Aleksandar Mitrović
81%
2020 ST Aleksandar Mitrović
81%
2021 ST Aleksandar Mitrović
81%
2022 ST Aleksandar Mitrović
81%
2022 WC ST Aleksandar Mitrović
81%
2023 ST Aleksandar Mitrović
81%
2014 DF Stefan Mitrović
81%
2020 DF Stefan Mitrović
81%
2021 DF Stefan Mitrović
81%
2021 ST Dušan Vlahović
80%
2023 ST Dušan Vlahović
80%
2018 MF S. Milinković-Savić
75%
2021 MF S. Milinković-Savić
75%
2022 MF S. Milinković-Savić
75%
2022 WC MF S. Milinković-Savić
75%
2023 MF S. Milinković-Savić
75%
2008 OG MF Dušan Tadić
68%
2013 MF Dušan Tadić
68%
2014 MF Dušan Tadić
68%
2016 MF Dušan Tadić
68%
2017 MF Dušan Tadić
68%
2018 MF Dušan Tadić
68%
2018 LN MF Dušan Tadić
68%
2020 MF Dušan Tadić
68%
2021 MF Dušan Tadić
68%
2022 MF Dušan Tadić
68%
2022 WC MF Dušan Tadić
68%
2023 MF Dušan Tadić
68%
2004 DF Nemanja Vidić
63%
2005 DF Nemanja Vidić
63%
2008 DF Nemanja Vidić
63%
2009 DF Nemanja Vidić
63%
2010 DF Nemanja Vidić
63%
2008 OG DF Aleksandar Kolarov
62%
2010 DF Aleksandar Kolarov
62%
2011 DF Aleksandar Kolarov
62%
2012 DF Aleksandar Kolarov
62%
2014 DF Aleksandar Kolarov
62%
2015 DF Aleksandar Kolarov
62%
2016 DF Aleksandar Kolarov
62%
2017 DF Aleksandar Kolarov
62%
2018 DF Aleksandar Kolarov
62%
2019 DF Aleksandar Kolarov
62%
2007 DF Branislav Ivanović
61%
2008 DF Branislav Ivanović
61%
2009 DF Branislav Ivanović
61%
2010 DF Branislav Ivanović
61%
2011 DF Branislav Ivanović
61%
2012 DF Branislav Ivanović
61%
2013 DF Branislav Ivanović
61%
2014 DF Branislav Ivanović
61%
2015 DF Branislav Ivanović
61%
2016 DF Branislav Ivanović
61%
2017 DF Branislav Ivanović
61%
2018 DF Branislav Ivanović
61%
1999 MF Dejan Stanković
61%
2000 MF Dejan Stanković
61%
2002 MF Dejan Stanković
61%
2003 MF Dejan Stanković
61%
2004 MF Dejan Stanković
61%
2005 MF Dejan Stanković
61%
2006 WC MF Dejan Stanković
61%
2006 MF Dejan Stanković
61%
2007 MF Dejan Stanković
61%
2008 MF Dejan Stanković
61%
2009 MF Dejan Stanković
61%
2010 MF Dejan Stanković
61%
2011 MF Dejan Stanković
61%
2013 MF Nemanja Matić
59%
2014 MF Nemanja Matić
59%
2015 MF Nemanja Matić
59%
2016 MF Nemanja Matić
59%
2017 MF Nemanja Matić
59%
2018 MF Nemanja Matić
59%
2020 ST Luka Jović
58%
2022 ST Luka Jović
58%
1994 DF Siniša Mihajlović
57%
1996 DF Siniša Mihajlović
57%
1997 DF Siniša Mihajlović
57%
1998 DF Siniša Mihajlović
57%
1998 WC DF Siniša Mihajlović
57%
1999 DF Siniša Mihajlović
57%
2000 DF Siniša Mihajlović
57%
2000 EURO DF Siniša Mihajlović
57%
2001 DF Siniša Mihajlović
57%
2002 DF Siniša Mihajlović
57%
1993 ST Predrag Mijatović
53%
1996 ST Predrag Mijatović
53%
1997 ST Predrag Mijatović
53%
1998 WC ST Predrag Mijatović
53%
1999 ST Predrag Mijatović
53%
2000 ST Predrag Mijatović
53%
2000 EURO ST Predrag Mijatović
53%
2018 DF Nikola Milenković
50%
2018 LN DF Nikola Milenković
50%
2019 DF Nikola Milenković
50%
2020 DF Nikola Milenković
50%
2021 DF Nikola Milenković
50%
2022 DF Nikola Milenković
50%
2022 WC DF Nikola Milenković
50%
2023 DF Nikola Milenković
50%
1989 MF Ivan Gudelj
48%
1993 MF Robert Prosinečki
48%
1993 MF Dragan Stojković
45%
1994 MF Dragan Stojković
45%
1996 MF Dragan Stojković
45%
1998 MF Dragan Stojković
45%
1998 WC MF Dragan Stojković
45%
2000 EURO MF Dragan Stojković
45%
1993 MF Dejan Savićević
42%
1994 MF Dejan Savićević
42%
1995 MF Dejan Savićević
42%
1997 MF Dejan Savićević
42%
1993 DF Davor Šuker
41%
1993 MF Vladimir Jugović
40%
1994 MF Vladimir Jugović
40%
1996 MF Vladimir Jugović
40%
1997 MF Vladimir Jugović
40%
1998 MF Vladimir Jugović
40%
1998 WC MF Vladimir Jugović
40%
2000 MF Vladimir Jugović
40%
2000 EURO MF Vladimir Jugović
40%
1995 ST Savo Milošević
39%
1996 ST Savo Milošević
39%
1998 ST Savo Milošević
39%
1998 WC ST Savo Milošević
39%
1999 ST Savo Milošević
39%
2000 ST Savo Milošević
39%
2000 EURO ST Savo Milošević
39%
2001 ST Savo Milošević
39%
2004 ST Savo Milošević
39%
2006 WC ST Savo Milošević
39%
1994 ST Darko Pančev
35%
1995 ST Darko Kovačević
34%
2002 ST Darko Kovačević
34%
2003 ST Darko Kovačević
34%
2007 DF Duško Tošić
34%
2008 OG DF Duško Tošić
34%
2018 DF Duško Tošić
34%
2001 ST Mateja Kežman
34%
2002 ST Mateja Kežman
34%
2003 ST Mateja Kežman
34%
2005 ST Mateja Kežman
34%
2006 WC ST Mateja Kežman
34%
2008 OG MF Zoran Tošić
34%
2011 MF Zoran Tošić
34%
2012 MF Zoran Tošić
34%
2013 MF Zoran Tošić
34%
2014 MF Zoran Tošić
34%
2015 MF Zoran Tošić
34%
2016 MF Zoran Tošić
34%
2009 DF Neven Subotić
33%
2011 DF Neven Subotić
33%
2013 DF Neven Subotić
33%
2006 ST Nikola Žigić
33%
2007 ST Nikola Žigić
33%
2008 ST Nikola Žigić
33%
2009 ST Nikola Žigić
33%
2010 ST Nikola Žigić
33%
1987 DF Vladimir Petrović
33%
2012 DF Matija Nastasić
32%
2013 DF Matija Nastasić
32%
2015 DF Matija Nastasić
32%
2007 MF Miloš Krasić
31%
2009 MF Miloš Krasić
31%
2010 MF Miloš Krasić
31%
2006 ST Marko Pantelić
27%
2007 ST Marko Pantelić
27%
2008 ST Marko Pantelić
27%
2011 ST Marko Pantelić
27%
1982 ST Dragan Džajić
25%
2021 MF Filip Kostić
25%
2018 LN DF Miloš Veljković
25%
2022 DF Miloš Veljković
25%
2023 DF Miloš Veljković
25%
2016 DF Nikola Maksimović
25%
2019 DF Nikola Maksimović
25%
2015 MF Adem Ljajić
24%
2017 MF Adem Ljajić
24%
2018 MF Adem Ljajić
24%
2019 MF Adem Ljajić
24%
2013 DF Dušan Basta
24%
2014 DF Dušan Basta
24%
2022 WC DF Miloš Veljković
23%
1987 DF Safet Sušić
23%
2016 MF Filip Kostić
22%
2017 MF Filip Kostić
22%
2022 MF Filip Kostić
22%
2022 WC MF Filip Kostić
22%
2023 MF Filip Kostić
22%
2008 OG DF Slobodan Rajković
22%
2008 ST Danko Lazović
20%
2009 ST Danko Lazović
20%
2019 MF Nemanja Radonjić
20%
1980 MF Dragoslav Šekularac
18%
2008 OG MF Ljubomir Fejsa
18%
2012 MF Ljubomir Fejsa
18%
2013 MF Ljubomir Fejsa
18%
2015 MF Luka Milivojević
18%
2016 MF Luka Milivojević
18%
2017 MF Luka Milivojević
18%
2018 MF Luka Milivojević
18%
2019 MF Luka Milivojević
18%
2007 DF Antonio Rukavina
17%
2008 DF Antonio Rukavina
17%
2016 DF Antonio Rukavina
17%
2017 DF Antonio Rukavina
17%
2018 LN DF Antonio Rukavina
17%
1995 DF Dejan Stefanović
16%
2003 MF Dragan Mladenović
16%
2004 MF Dragan Mladenović
16%
2001 MF Igor Duljaj
16%
2002 MF Igor Duljaj
16%
2003 MF Igor Duljaj
16%
2005 MF Igor Duljaj
16%
2006 WC MF Igor Duljaj
16%
2004 DF Ivica Dragutinović
16%
2005 DF Ivica Dragutinović
16%
2007 DF Ivica Dragutinović
16%
2008 DF Ivica Dragutinović
16%
1997 MF Ljubinko Drulović
16%
1999 MF Ljubinko Drulović
16%
2000 MF Ljubinko Drulović
16%
2000 EURO MF Ljubinko Drulović
16%
1991 MF Milan Janković
16%
2003 DF Nenad Đorđević
16%
2006 WC DF Nenad Đorđević
16%
2004 MF Ognjen Koroman
16%
2005 MF Ognjen Koroman
16%
2006 MF Ognjen Koroman
16%
2007 MF Zdravko Kuzmanović
16%
2008 MF Zdravko Kuzmanović
16%
2010 MF Zdravko Kuzmanović
16%
2011 MF Zdravko Kuzmanović
16%
2012 MF Zdravko Kuzmanović
16%
1995 DF Zoran Mirković
16%
1997 DF Zoran Mirković
16%
1998 DF Zoran Mirković
16%
1999 DF Zoran Mirković
16%
2002 DF Zoran Mirković
16%
2003 DF Zoran Mirković
16%
1985 MF Branko Oblak
15%
1990 DF Faruk Hadžibegić
15%
2014 MF Nemanja Gudelj
15%
2020 MF Nemanja Gudelj
15%
2021 MF Nemanja Gudelj
15%
2022 MF Nemanja Gudelj
15%
2022 WC MF Nemanja Gudelj
15%
2023 MF Nemanja Gudelj
15%
1990 ST Srečko Katanec
15%
1983 DF Ivica Osim
14%
1997 DF Miroslav Đukić
14%
1999 DF Miroslav Đukić
14%
2000 EURO DF Miroslav Đukić
14%
2001 DF Miroslav Đukić
14%
1996 MF Slaviša Jokanović
14%
1997 MF Slaviša Jokanović
14%
1998 MF Slaviša Jokanović
14%
1998 WC MF Slaviša Jokanović
14%
1999 MF Slaviša Jokanović
14%
2000 MF Slaviša Jokanović
14%
2000 EURO MF Slaviša Jokanović
14%
2001 MF Slaviša Jokanović
14%
1987 DF Velimir Zajec
14%
1988 MF Blaž Slišković
13%
1990 DF Marko Mlinarić
13%
1991 DF Mehmed Baždarević
13%
2001 DF Mladen Krstajić
13%
2002 DF Mladen Krstajić
13%
2003 DF Mladen Krstajić
13%
2004 DF Mladen Krstajić
13%
2005 DF Mladen Krstajić
13%
2006 WC DF Mladen Krstajić
13%
2006 DF Mladen Krstajić
13%
2001 MF Nikola Lazetić
13%
2002 MF Nikola Lazetić
13%
1983 DF Svetozar Vujović
13%
1988 ST Zlatko Vujović
13%
1988 DF Zoran Vujović
13%
1991 ST Zoran Vulić
13%
2010 MF Miloš Ninković
12%
2011 MF Miloš Ninković
12%
1995 MF Albert Nađ
11%
1999 MF Albert Nađ
11%
2006 WC MF Albert Nađ
11%
2006 DF Aleksandar Luković
11%
2009 DF Aleksandar Luković
11%
2010 DF Aleksandar Luković
11%
1994 MF Branko Brnović
11%
1996 MF Branko Brnović
11%
1998 WC MF Branko Brnović
11%
2004 ST Danijel Ljuboja
11%
2012 MF Filip Đuričić
11%
2013 MF Filip Đuričić
11%
1986 MF Franjo Vladić
11%
1994 DF Miroslav Đukić
11%
1991 DF Mirsad Baljić
11%
1982 MF Paja Samardžić
11%
2022 WC MF Saša Lukić
11%
1988 DF Vahid Halilhodžić
11%
2003 MF Zvonimir Vukić
11%
2004 MF Zvonimir Vukić
11%
2005 MF Zvonimir Vukić
11%
1985 MF Dušan Bajević
10%
2003 DF Goran Gavrančić
10%
2004 DF Goran Gavrančić
10%
2005 DF Goran Gavrančić
10%
2006 WC DF Goran Gavrančić
10%
1986 DF Ivica Šurjak
10%
1989 ST Ivica Šurjak
10%
1992 MF Predrag Spasić
10%
1990 MF Zlatko Kranjčar
10%
1985 MF Josip Katalinski
9%
1992 ST Meho Kodro
9%
2018 LN MF Mijat Gaćinović
9%
2019 MF Mijat Gaćinović
9%
1992 MF Refik Šabanadžović
9%
2018 LN MF Saša Lukić
9%
2020 MF Saša Lukić
9%
2021 MF Saša Lukić
9%
2022 MF Saša Lukić
9%
2023 MF Saša Lukić
9%
2019 DF Uroš Spajić
9%
1980 DF Fahrudin Jusufi
8%
1995 DF Goran Đorović
8%
1996 DF Goran Đorović
8%
1998 DF Goran Đorović
8%
1998 WC DF Goran Đorović
8%
1999 DF Goran Đorović
8%
1982 DF Josip Skoblar
8%
1991 DF Jovica Nikolić
8%
1980 ST Milan Galić
8%
2018 LN DF Milan Rodić
8%
2008 MF Nenad Milijaš
8%
2009 MF Nenad Milijaš
8%
2020 DF Strahinja Pavlović
8%
2021 DF Strahinja Pavlović
8%
2022 DF Strahinja Pavlović
8%
2022 WC DF Strahinja Pavlović
8%
2023 DF Strahinja Pavlović
8%
1981 MF Velibor Vasović
8%
1987 MF Zoran Filipović
8%
2018 LN ST Andrija Živković
7%
2022 WC ST Andrija Živković
7%
1984 DF Blagoje Paunović
7%
2002 DF Boban Dmitrović
7%
1992 MF Davor Jozić
7%
1995 MF Dejan Govedarica
7%
1997 MF Dejan Govedarica
7%
2008 OG MF Gojko Kačar
7%
1992 DF Ilija Najdoski
7%
1986 DF Ivan Buljan
7%
1989 MF Ivan Buljan
7%
1984 DF Jovan Aćimović
7%
2012 ST Lazar Marković
7%
2014 MF Lazar Marković
7%
2015 MF Lazar Marković
7%
1990 ST Marko Elsner
7%
1998 MF Miroslav Stević
7%
1987 ST Momčilo Vukotić
7%
2008 OG DF Nenad Tomović
7%
2015 DF Nenad Tomović
7%
1981 DF Predrag Pašić
7%
1986 MF Slaviša Žungul
7%
1994 DF Slobodan Komljenović
7%
1998 WC DF Slobodan Komljenović
7%
2000 EURO DF Slobodan Komljenović
7%
1986 ST Srećko Bogdan
7%
1990 MF Sulejman Halilović
7%
1984 MF Vahidin Musemić
7%
1981 ST Vladica Popović
7%
1992 DF Vujadin Stanojković
7%
1998 ST Anto Drobnjak
6%
1991 MF Borislav Cvetković
6%
1980 MF Branko Zebec
6%
2000 DF Goran Bunjevčević
6%
1990 DF Ljubomir Radanović
6%
1990 MF Ljubomir Radanović
6%
2001 DF Milan Obradović
6%
1995 DF Niša Saveljić
6%
1996 DF Niša Saveljić
6%
1998 DF Niša Saveljić
6%
2000 DF Niša Saveljić
6%
2000 EURO DF Niša Saveljić
6%
1994 MF Darko Milanič
5%
1991 ST Haris Škoro
5%
1988 ST Miloš Šestić
5%
1984 ST Nenad Bjeković
5%
1993 DF Semir Tuce
5%
1980 DF Vladimir Durković
5%
1985 ST Vladislav Bogićević
5%
1980 MF Bora Kostić
4%
1983 ST Dragan Holcer
4%
1987 MF Džemal Hadžiabdić
4%
1986 DF Enver Hadžiabdić
4%
1991 MF Fadil Vokrri
4%
1992 DF Fadil Vokrri
4%
2017 DF Jagoš Vuković
4%
2011 DF Milan Biševac
4%
2012 DF Milan Biševac
4%
2006 WC DF Milan Dudić
4%
2009 ST Milan Jovanović
4%
2010 ST Milan Jovanović
4%
2011 ST Milan Jovanović
4%
1988 MF Nikica Klinčarski
4%
1981 MF Petar Radaković
4%
1985 ST Stanislav Karasi
4%
1993 DF Budimir Vujačić
3%
1988 MF Edhem Šljivo
3%
2013 ST Filip Đorđević
3%
2014 ST Filip Đorđević
3%
1984 ST Josip Bukal
3%
1982 MF Milan Čop
3%
1982 DF Mirsad Fazlagić
3%
2018 LN MF Nemanja Maksimović
3%
2019 MF Nemanja Maksimović
3%
2020 MF Nemanja Maksimović
3%
1987 DF Nenad Stojković
3%
1989 DF Srebrenko Repčić
3%
1991 MF Stjepan Deverić
3%
1982 DF Vojislav Melić
3%
1992 DF Admir Smajić
2%
2012 MF Aleksandar Ignjovski
2%
1988 MF Ante Miročević
2%
1980 MF Ante Žanetić
2%
1988 DF Boro Primorac
2%
1990 MF Branko Miljuš
2%
1983 MF Branko Rašović
2%
1986 MF Danilo Popivoda
2%
2020 MF Darko Lazović
2%
1995 MF Dejan Petković
2%
1984 MF Dobrivoje Trivić
2%
1985 DF Dragi Stepanović
2%
1992 MF Dragoljub Brnović
2%
1986 DF Dražen Mužinić
2%
1986 MF Dušan Savić
2%
1983 MF Džemaludin Mušović
2%
1984 MF Ilija Petković
2%
1992 ST Ivica Barbarić
2%
1986 ST Luka Peruzović
2%
1990 DF Luka Peruzović
2%
2006 DF Marjan Marković
2%
1981 DF Milan Damjanović
2%
2008 OG MF Milan Smiljanić
2%
1989 DF Miloš Hrstić
2%
1984 DF Miro Pavlović
2%
1985 MF Mladen Ramljak
2%
1991 DF Nenad Gračan
2%
1987 ST Nikica Cukrov
2%
1989 DF Nikica Cukrov
2%
1989 MF Nikola Jovanović
2%
2001 MF Predrag Đorđević
2%
2002 MF Predrag Đorđević
2%
2005 MF Predrag Đorđević
2%
2006 WC MF Predrag Đorđević
2%
1996 DF Risto Vidaković
2%
1982 MF Rudolf Belin
2%
1982 MF Slaven Zambata
2%
1993 DF Slobodan Dubajić
2%
1994 DF Slobodan Dubajić
2%
1987 MF Vilson Džoni
2%
1993 ST Vladan Lukić
2%
1989 DF Vladimir Matijević
2%
1997 DF Željko Petrović
2%
1998 WC DF Željko Petrović
2%
1989 MF Zlatko Krmpotić
2%
1981 MF Zvezdan Čebinac
2%
2006 MF Aleksandar Trišović
1%
1985 DF Anđelko Tešan
1%
1984 MF Branko Gračanin
1%
1989 ST Dragan Jakovljević
1%
1980 ST Dražan Jerković
1%
1982 DF Dražan Jerković
1%
1980 DF Jovan Miladinović
1%
1985 DF Jurica Jerković
1%
1983 ST Krasnodar Rora
1%
2008 OG ST Miljan Mrdaković
1%
1988 DF Mišo Krstičević
1%
1981 ST Muhamed Mujić
1%
2006 MF Nenad Kovačević
1%
2007 MF Nenad Kovačević
1%
2000 DF Nenad Sakić
1%
1981 DF Novak Roganović
1%
1982 ST Silvester Takač
1%
1983 MF Stevan Sekereš
1%
1981 MF Vlatko Marković
1%
1984 DF Zaza Bečejac
1%
1980 DF Željko Perušić
1%
1983 MF Živorad Jevtić
1%
1987 MF Zoran Jelikić
1%
1985 DF Bora Đorđević
0%
1983 DF Dragan Gugleta
0%
1981 DF Ljubomir Mihajlović
0%
2006 DF Milan Stepanov
0%
1983 DF Vinko Cuzzi
0%
No matching quizzes found
Score Distribution
Percent of People with Each Score
Percentile by Number Answered
Your Score History
You have not taken this quiz since the last reset